000 00529pab a2200181 454500
008 180718b1999 xxu||||| |||| 00| 0 eng d
100 _aSen, Dilip Kumar
245 _aA framework for thought on investment environment in SAARC nations with particular reference to Bangladesh
260 _c1999
300 _ap.70-86
362 _aMar
650 _aEnvironment
650 _aForeign investment
700 _aPaul, Arun Prashad
700 _aJain, Sugan C.
773 _aJournal of Accounting and Finance
909 _a40707
999 _c40707
_d40707